000 00820nam a2200253Ia 4500
003 OSt
005 20220927110350.0
006 a|||||r|||| 00| 0
007 ta
008 220926b |||||||| |||| 00| 0 eng d
024 _a60635
037 _cReports
040 _aRTL
_cRTL
_beng
041 _2eng
_aeng
082 _a"X62.2.N69t, L2/GD"
110 _a"India. Banking(commission), Banking costs(study group on-)(1969)(chairman : Rameshwar Thakur)"
_9376766
245 0 _aReport
260 _aDelhi
_bManager of publication India
_c1972
300 _a321p.
_ccm.
650 _aIndia
700 _a"India. Banking(commission), Banking costs(study group on-)(1969)(chairman : Rameshwar Thakur)"
_9376767
942 _h"X62.2.N69t, L2/GD"
_cCC
999 _c695855
_d695855